Vista normal
Vista MARC
Entrada Materia (personas)
Número de registros utilizados en: 1
001 - CONTROL NUMBER
- control field: 39267
003 - CONTROL NUMBER IDENTIFIER
- control field: Co-BoUCM
005 - DATE AND TIME OF LATEST TRANSACTION
- control field: 20130617100815.0
008 - FIXED-LENGTH DATA ELEMENTS
- fixed length control field: 130617|| aca||aabn | a|a d
040 ## - CATALOGING SOURCE
- Original cataloging agency: Co-BoUCM
- Transcribing agency: Co-BoUCM
100 ## - HEADING--PERSONAL NAME
- Personal name: Schrader, Enrique
670 ## - SOURCE DATA FOUND
- Source citation: Work cat.: (Co-BoUCM): Reitz, Willem Otto, 1702-1768 39265, Theopili Paraphrasis Justiniani Institutionum, 1860